Fitosociología (Record no. 36620)

MARC details
000 -LEADER
campo de control de longitud fija 00649nam a2200181 i 4500
001 - NÚMERO DE CONTROL
campo de control 36620
003 - IDENTIFICADOR DE NÚMERO DE CONTROL
campo de control ES-MaACL
005 - FECHA Y HORA DE LA ÚLTIMA TRANSACCIÓN
campo de control 20230906155414.0
007 - CAMPO FIJO DE DESCRIPCIÓN FÍSICA--INFORMACIÓN GENERAL
campo de control de longitud fija t|
008 - DATOS DE LONGITUD FIJA--INFORMACIÓN GENERAL
campo de control de longitud fija 030218s1979 sp ||||1| spa d
100 1# - ENTRADA PRINCIPAL--NOMBRE DE PERSONA
Nombre de persona Braun-Blanquet, J.
9 (RLIN) 31420
245 10 - MENCIÓN DEL TÍTULO
Título Fitosociología
Resto del título : bases para el estudio de las comunidades vegetales /
Mención de responsabilidad, etc. J. Braun-Blanquet ; traducido por Jorge Lalucat Jo ; revisado por J. Oriol de Bolos Capdevilla.
260 ## - PUBLICACIÓN, DISTRIBUCIÓN, ETC.
Lugar de publicación, distribución, etc. Madrid :
Nombre del editor, distribuidor, etc. H. Blume,
Fecha de publicación, distribución, etc. [1979]
300 ## - DESCRIPCIÓN FÍSICA
Extensión XX, 820 p. :
Otras características físicas il. ;
Dimensiones 24 cm.
700 1# - ENTRADA AGREGADA--NOMBRE PERSONAL
Nombre de persona Lalucat Jo, Jorge.
9 (RLIN) 69746
700 1# - ENTRADA AGREGADA--NOMBRE PERSONAL
Nombre de persona Bolos Capdevilla, J. Oriol.
9 (RLIN) 30003
852 ## - LOCALIZACIÓN
Ubicación ES-MaACL
Número de control de estantería C-21151
Sublocalización o colección R.99594
Holdings
Estatus retirado Estado de pérdida Estado de daño No para préstamo Biblioteca de origen Biblioteca actual Ubicación en estantería Fecha de adquisición Fuente de adquisición Total de préstamos Signatura topográfica completa Código de barras Visto por última vez Precio de reemplazo Tipo de ítem Koha
        Biblioteca del Ateneo de Madrid Biblioteca del Ateneo de Madrid Galería 17/01/2008     C-21151 1038488 23/02/2023 23/02/2023 Libro impreso